| 000 | 00560nab#a2200205#c#4500 | ||
|---|---|---|---|
| 999 |
_c18962 _d18962 |
||
| 003 | IEF | ||
| 005 | 20191205184012.0 | ||
| 008 | 950704s1975 uuu|| #####0 b| |u | ||
| 040 |
_aIEF _cES-MaIEF |
||
| 100 | 1 |
_aWicksell, Knut _946389 |
|
| 245 |
_aUn nuevo principio de tributación justa _c Knut Wicksell |
||
| 260 | _c1975 | ||
| 500 | _aConclusiones,Bibliografía | ||
| 650 | 4 |
_aIMPUESTOS _947460 |
|
| 650 | 4 |
_aJUSTICIA TRIBUTARIA _947555 |
|
| 773 | 0 |
_tHacienda pública española _w34570 _g36, p. 275-307 |
|
| 942 | _2udc | ||
| 942 | _2udc | ||